| 000 | 00675nam a22001937a 4500 | ||
|---|---|---|---|
| 999 |
_c15271 _d15271 |
||
| 003 | AR-CdUCM | ||
| 008 | 190426b ||||| |||| 00| 0 spa d | ||
| 020 | _a978-84-9838-670-7 | ||
| 040 |
_aMUNICIPALIDAD PROVINCIAL DEL CUSCO _cBIBLIOTECA MUNICIPAL DEL CUSCO |
||
| 082 |
_22ed. _aPI / 842 / _bS16 |
||
| 100 |
_aSaint-Exupéry, Antoine De _914004 |
||
| 245 |
_aEl principito : _bcon las acuarelas del autor / |
||
| 260 |
_aBuenos Aires : _bSalamandra, _c2016. |
||
| 300 |
_a61 páginas ; _bIlustraciones desplegables, _c26 cm. |
||
| 650 |
_aLiteratura infantil _9588 |
||
| 700 |
_aCarril, Bonifacio Del (traducción) _934321 |
||
| 942 |
_2ddc _cLIBROS |
||
| 945 |
_aacv _d2019-04-26 |
||